MDQL
is popping MORE tags! Check the
thread
!
Quizzes
Events
Quiz Creation
Community
Videos
Private Events
Remove Ads
Sign In
Join for FREE
Feedback
Dark Mode
Quiz Categories
Sports
Geography
Music
Movies
Television
Just For Fun
Miscellaneous
History
Literature
Language
Science
Gaming
Entertainment
Religion
Holiday
For Kids
Quiz Lab
Recent
Popular Today
Quiz Kudos Today
Editor Picks
Curator Picks
Quizzes by...
Day
Popularity
Type
Ratings
Length
Year
Community
Subscriptions
Recent Discussions
Orange Saloon
Badges
Playlists
Quests
Create
Leaderboards
Showdown
Live 5
Trivia Bingo
Activity
Puzzle Library
Sporcle Events
Private Events
Virtual Trivia
Globe League
Become a Host
Pub Owners
SporcleCon
Opinionation
Our Games
Videos
Blog
Mobile Apps
Partnerships
Remove Ads and Go Orange
Feedback
Geography
Country
Landmarks
City
State
Population
World
Capital
Continent
Flags
Europe
Africa
Asia
South America
North America
Oceania
Border
Canada
United Kingdom
Topography
United States
Geography
Country
Landmarks
City
State
Population
World
Capital
Continent
Flags
Europe
Africa
Asia
South America
North America
Oceania
Border
Canada
United Kingdom
Topography
United States
Random Quiz
Search Sporcle
×
Quiz Lab
Quiz Lab
Geography
City
Type in answers that appear in a list
Type in answers that appear in a list
Classic
Best Score? Go Orange.
INTERSTATE-5 CITIES Stats
Can you name the cities with populations of at least 100,000 through whose city limits Interstate 5 runs?
By
jml1139
8m
24 Questions
275 Plays
275 Plays
275 Plays
Comments
Comments
Give Quiz Kudos
Give Quiz Kudos
-
- Ratings
hide this ad
Replay
Link that replays current quiz
Next Quiz
Link to next quiz in quiz playlist
You Got
0%
They Got
Avg Score
59%
Avg Friend Score
Upgrade to see
Score Distribution
Jump to the score distribution portion of the page
Score
0/24
Timer
08:00
0
Plays Today
Rank
City
% Correct
2.
San Diego, Calif.
98.9%
1.
Los Angeles, Calif.
97.8%
3.
Seattle, Wash.
92.7%
4.
Portland, Ore.
91.3%
5.
Sacramento, Calif.
89.8%
7.
Anaheim, Calif.
77.1%
18.
Eugene, Ore.
76.4%
11.
Tacoma, Wash.
75.6%
17.
Salem, Ore.
75.6%
6.
Santa Ana, Calif.
71.6%
8.
Stockton, Calif.
67.6%
16.
Vancouver, Wash.
67.3%
Rank
City
% Correct
9.
Chula Vista, Calif.
58.2%
10.
Irvine, Calif.
53.5%
13.
Oceanside, Calif.
44.7%
23.
Burbank, Calif.
44.4%
19.
Orange, Calif.
41.5%
14.
Santa Clarita, Calif.
41.1%
12.
Glendale, Calif.
38.2%
21.
Fullerton, Calif.
30.2%
20.
Elk Grove, Calif.
29.1%
22.
Downey, Calif.
26.9%
15.
Garden Grove, Calif.
24.7%
24.
Norwalk, Calif.
22.9%
Quiz Playlist
Details
Report
Send in Message
Add To Playlist
Classic:
Type in answers that appear in a list
Quiz Source
Last Updated: Feb 16, 2017
Quiz Scoreboard
CHALLENGE
Sign Up to Join the Scoreboard
Show All
Scores
Hide
Comments
May contain spoilers
Recently Published
Image Sorting: Flags VI
by Barbecue
Geography
2m
Find the 'City' Movie
by crazypaving
Movies
60s
Colored Red Africa Blitz
by spor1
Geography
45s
More to Explore
Quiz From the Vault
Featured Blog Post
14 Easter Pick-up Lines to Find Eggs With
hide this ad
You Might Also Like...
Tags
City Quiz
Population Quiz
100
100 000
Interstate Highway
least
limit
run
Today's Top Quizzes in Geography
Browse Geography
hide this ad
Today's Top Quizzes in City
Browse City
Top Contributed Quizzes in Geography
1
Colored Red Europe Blitz I
2
Countries of the World - No Outlines Minefield
3
Colored Red Africa Blitz II
4
Colored Red Europe Blitz II
5
Colored Red Europe Blitz III
6
Colored Red Africa Blitz III
7
Colored Red States Blitz I
8
A Different View: World Oceans
9
Colored Red States Blitz II
10
Colored Red States Blitz III
Explore More
Trending Topics
Crossword
Marvel
Kpop
Anime
NBA
Disney
Harry Potter
WWE
The Office
NFL
Puzzle
Pokémon
Soccer
Song
Country
hide this ad
More By:
jml1139
Quiz
Plays
Rating
Category
Featured
Created
Largest Border Cities (US)
76,283
4.43
Geography
Mar 2, 2010
Largest US Cities by Last Letter
67,355
4.58
Geography
May 13, 2011
Non-Asian Megacities
4,104
4.23
Geography
Mar 1, 2010
300 US Metro Areas (2020 Census)
3,392
4.78
Geography
Sep 23, 2021
STATES MINUS LARGEST CITY
3,193
4.40
Geography
Oct 5, 2010
Go to Creator's Profile
Score Distribution
Quiz Creator Spotlight
jml1139
Follow
Send a Message
Quizzes Created
-
Created Quiz Play Count
-
More By This Creator
Popular Quizzes Today
1
Colored Red Africa Blitz
2
Find the US States - No Outlines Minefield
3
Find the 'City' Movie
4
5x2 Blitz: Bands
5
The Countries of the World
6
Find the US States
7
Find the Countries of Europe - No Outlines Minefield
8
US States
More Geography Quizzes
4x4 Image Crossword: Flags
Published
Trending Quizzes
Colored Red Europe Blitz I
Colored Red Europe Blitz II
Colored Red Africa Blitz II
Colored Red Europe Blitz III
Colored Red Africa Blitz III
Recently Updated
How Do You Spell That?
pecheneg
Godzilla Movies
pecheneg
Grab Bag: 4-10 Letters
pecheneg
2024 March Madness Bracket
pecheneg
Famous TV Couples
Peacemaker
Champions League XIs: Real Madrid
pecheneg
Largest US Cities 1790-2010
pecheneg
Rides in Walt Disney World
pecheneg
Most Oscar Losses (Acting)
pecheneg
Beyoncé Albums
pecheneg
Trending Topics
Harry Potter
Crossword
Anime
Marvel
Disney
Kpop
NBA
Country
Pokémon
WWE
The Office
NFL
Soccer
Song
Puzzle
Your Account Isn't Verified!
In order to create a playlist on Sporcle, you need to verify the email address you used during registration. Go to your
Sporcle Settings
to finish the process.
Report this User
Report this user for behavior that violates our
Community Guidelines
.
Details:
Send Report
Go to the Sporcle.com Mobile Site →
Comments